Т. 1: Растворы электролитов; Нефтепромысловая химия

Библиографические подробности
Источник:Нефтепромысловая химия: учебное пособие: в 5 т./ В. Н. Глущенко, М. А. Силин; под ред. И. Т. Мищенко. Т. 1: Растворы электролитов.— , 2009-2010
Примечания:Изложены современные представления о растворах электролитов, имеющих важнейшее значение в процессах химизации добычи, транспорта и подготовки нефти. Рассмотрены различные электролитсодержащие составы, проведена их систематизация, анализ и обобщение всех основных свойств растворов электролитов, методы их вычисления, регулирования и расчета с привлечением обширных теоретических и экспериментальных литературных данных. Основное внимание уделено влиянию термобарического фактора, соответствующего реальным пластовым и скважинным условиям. Теоретические выкладки сопровождены рассмотрением конкретных примеров, позволяющих приблизить их к решению практических задач. В совокупности изложенный материал позволяет глубже уяснить все многообразие свойств как самих электролитов, так и их растворов, имеющих важнейшее значение в нефтепромысловой химии. Монография снабжена обширными экспериментальными данными, сведенными в приложениях.
Язык:русский
Опубликовано: 2009
Предметы:
Формат: MixedMaterials Книга
Запись в KOHA:https://koha.lib.tpu.ru/cgi-bin/koha/opac-detail.pl?biblionumber=168895

MARC

LEADER 00000nam2a2200000 4500
001 168895
005 20231101222804.0
010 |a 9785902063384 
035 |a (RuTPU)RU\TPU\book\183221 
090 |a 168895 
100 |a 20091103d2009 m y0rusy50 ca 
101 0 |a rus 
102 |a RU 
105 |a a j 001zy 
200 0 |a Т. 1: Растворы электролитов 
210 |d 2009 
215 |a 588 с.  |c ил. 
320 |a Библиография в конце глав. 
330 |a Изложены современные представления о растворах электролитов, имеющих важнейшее значение в процессах химизации добычи, транспорта и подготовки нефти. Рассмотрены различные электролитсодержащие составы, проведена их систематизация, анализ и обобщение всех основных свойств растворов электролитов, методы их вычисления, регулирования и расчета с привлечением обширных теоретических и экспериментальных литературных данных. Основное внимание уделено влиянию термобарического фактора, соответствующего реальным пластовым и скважинным условиям. Теоретические выкладки сопровождены рассмотрением конкретных примеров, позволяющих приблизить их к решению практических задач. В совокупности изложенный материал позволяет глубже уяснить все многообразие свойств как самих электролитов, так и их растворов, имеющих важнейшее значение в нефтепромысловой химии. Монография снабжена обширными экспериментальными данными, сведенными в приложениях. 
461 1 |0 (RuTPU)RU\TPU\book\198520  |t Нефтепромысловая химия  |o учебное пособие: в 5 т.  |f В. Н. Глущенко, М. А. Силин  |g под ред. И. Т. Мищенко  |v Т. 1: Растворы электролитов  |d 2009-2010 
606 1 |a Нефтепромысловая химия  |2 stltpush  |3 (RuTPU)RU\TPU\subj\69631  |9 84388 
606 1 |a Электролиты  |x Растворы  |2 stltpush  |3 (RuTPU)RU\TPU\subj\20138  |9 45264 
610 1 |a растворы 
610 1 |a электростатическая теория 
610 1 |a химическая термодинамика 
610 1 |a молярный объем 
610 1 |a изменение 
610 1 |a сольватационные эффекты 
610 1 |a электролитическая диссоциация 
610 1 |a активность 
610 1 |a химические реакции 
610 1 |a кинетика 
610 1 |a соли 
610 1 |a гидролиз 
610 1 |a ионы 
610 1 |a комплексообразование 
610 1 |a растворимость 
610 1 |a солеотложение 
610 1 |a экстракция 
610 1 |a высаливание 
610 1 |a всаливание 
610 1 |a учебные пособия 
675 |a 622.276.6(075.8)  |v 3 
675 |a 544.354(075.8)  |v 3 
801 1 |a RU  |b 63413507  |c 20091103 
801 2 |a RU  |b 63413507  |c 20190228  |g RCR 
942 |c BK 
959 |a 113/20091103  |d 1  |e 4000,00  |f ЧЗТЛ:1